000 01302nam a2200241Ia 4500
999 _c37777
_d37777
001 3754
003 GE_BSU
005 20230628121354.0
008 181216s1998||||ge |||||||||||||| ||geo||
040 _cGE_BSU
041 _ageo
080 _a008(479.223) კ–71
100 _aკომახიძე, თეიმურაზ
_93432
245 _aაღორძინებული ქობულეთი :
_bწ. 2. /
_cთეიმურაზ კომახიძე; რედ.: დავით ხახუტაიშვილი.
264 _aბათუმი :
_bაჭარა,
_c1998.
300 _a379 გვ. ;
_b21 სმ.
500 _aნაშრომი ეძღვნება აჭარის სახელგანთქმულ კუთხეს - ქობულეთსა და ქობულეთელებს
520 _a ნაშრომი ეძღვნება აჭარის სახელგანთქმულ კუთხეს - ქობულეთსა და ქობულეთელებს
653 _aაჭარის ქალაქები
653 _aქობულეთი
700 _aხახუტაიშვილი, დავით
_eრედაქტორი
_91441
942 _cBK
_2udc